000 01019nam a2200253 i 4500
001 167885
003 ES-MaACL
005 20230906213622.0
008 941025s1881 sp a |||| | spa d
040 _aCAT
_bspa
_cCAT
_dCCPB
080 4 _a617
100 1 _aWecker, L. de (
_d1832-1904)
_9133892
245 1 0 _aTerapéutica ocular /
_cpor L. Wecker ; lecciones recogidas y extractadas por el doctor Masselon y revisadas por el profesor ; versión española por Ramón Serret Comín.
260 _aMadrid [etc.] :
_bCarlos Bailly-Baillière, Librería Extranjera y Nacional, Científica y Literaria [etc.],
_c1881.
300 _aVII, 634 p. :
_bil. ;
_c23 cm.
490 1 _aBiblioteca escogida de El Siglo Médico
650 4 _aOftalmología.
_915693
700 1 _aMasselon, Julien (
_d1844-1917)
_9129703
700 1 _aSerret Comín, Ramón.
_9105834
830 0 _aBiblioteca escogida de El Siglo Médico
_9182501
852 _aES-MaACL
_jF-12297
_z-- Enc. hol.
999 _c167885
_d167885